Hriscó a vág völgye

Zobrazenie: Na bielom podklade pohľad z diaľky na zrúcaninu hradu na skale vľavo. V popredí pod skalou je lúka a polia. V pravom dolnom rohu je cesta

Bibliographic Details
Format: Postcard
Language:Hungarian
German
PhysicalDescription:1 pohľadnica tónovaná do zelena 10 x 15 cm
Published: Trencsén Gansel Lipót [1899?]
Subjects:

MARC

LEADER 00000ckm a2200000 a 4500
001 vtls011596825
003 SK-MaSNL
005 20260512122909.0
007 kp ao
008 230706q1899 xo g kuhun
015 |a SNBG1899 
035 |a urn:nbn:sk:snk-km00fa0h 
035 |a urn:nbn:sk:snk-km45usr 
035 |a 4DB38414-A042-4335-B97F-CE0C66A16872 
040 |a SNK  |b slo  |c SNK  |e AACR2 
041 0 |a hun  |a ger 
043 |a e-xo--- 
044 |a xo  |c SK 
072 7 |a 913  |x Regionálna geografia  |2 konspekt 
080 |a 913(437.6)  |2 2011 
080 |a 728.81  |2 2011 
080 |a 94(084.121)  |2 2011 
080 |a 904:72/7.025.21  |2 2011 
080 |a 904(084.121)  |2 2011 
245 0 0 |a Hriscó  |h grafika  |b a vág völgye 
246 3 1 |a Hriscó  |b das Waagthal 
260 |a Trencsén  |b Gansel Lipót  |c [1899?] 
300 |a 1 pohľadnica  |b tónovaná do zelena  |c 10 x 15 cm 
500 |a Názvové údaje prevzaté z obrazovej časti dokumentu 
500 |a Číslo záberu 6551 
500 |a a obrazovej časti uvedené: "65" 
520 8 |a Zobrazenie: Na bielom podklade pohľad z diaľky na zrúcaninu hradu na skale vľavo. V popredí pod skalou je lúka a polia. V pravom dolnom rohu je cesta 
546 |a Súbežný podnázov v nemčine 
610 2 7 |a Hričov (Hričovské Podhradie, Slovensko : hrad)  |2 SNKKA  |9 164965 
650 0 7 |a hrady  |2 SNKPH  |9 3039 
650 0 7 |a kultúrne pamiatky  |2 SNKPH  |9 2862 
650 0 7 |a zrúcaniny historických objektov  |2 SNKPH  |9 105150 
651 7 |a Hričovské Podhradie (Slovensko)  |2 SNKPHgeo  |9 97941 
655 7 |a miestne pohľadnice  |2 SNKPH  |9 70510 
655 7 |a pohľadnice kultúrnych pamiatok  |2 SNKPH  |9 70523 
655 7 |a historické pohľadnice  |2 SNKPH  |9 159703 
752 |a Slovensko  |d Trenčín 
852 |a Slovenská národná knižnica 
958 |a GBN 
958 |a ONDV 
958 |a GC 
999 |c 679342  |d 681272 
952 |a SNK  |b SNK  |y PREZ  |7 0  |p 17A1210615  |o snkSP 30979  |z Pohľadnica prešla poštou.  |0 0  |1 0  |4 0  |d 2016-12-01  |f 1  |l 0  |r 2026-02-23 19:52:32  |w 2026-02-23